We've hit turbulence / Jessica L. Cozzi.
Available copies
- 2 of 2 copies available at LARL/NWRL Consortium.
Current holds
0 current holds with 2 total copies.
Show All Copies
| Location | Call Number / Copy Notes | Barcode | Shelving Location | Status | Due Date |
|---|---|---|---|---|---|
| Barnesville Public Library | Y COZ (Text) | 33500014367726 | New | Available | - |
| Detroit Lakes Public Library | Y COZ (Text) | 33500014367734 | New | Available | - |
Record details
- ISBN: 9780593904855
- ISBN: 0593904850
- Physical Description: 293 pages : illustrations ; 21 cm
- Publisher: New York, NY : Delacorte Romance, an imprint of Random House Children's Books, [2026]
Content descriptions
| Summary, etc.: | "When a girl is stuck on a cross-country flight ... Read More |
| Target Audience Note: | Ages 12 and up Delacorte Romance. |
Search for related items by subject
| Genre: | Young adult fiction. Romance fiction. Novels. |
| LDR | 03568cam a2200721 i 4500 | ||
|---|---|---|---|
| 001 | 483559 | ||
| 003 | LARL_NWRL_CONSORTIUM | ||
| 005 | 20260428203736.0 | ||
| 008 | 251202s2026 nyua d 000 f eng | ||
| 010 | . | ‡a 2025024701 | |
| 040 | . | ‡aDLC ‡beng ‡erda ‡cDLC ‡dOCLCO ‡dIG# ‡dOCLCO ‡dOCO ‡dHBP ‡dSDD ‡dZ#6 ‡dCHY ‡dQ2V ‡dYDX | |
| 020 | . | ‡a9780593904855 ‡qpaperback | |
| 020 | . | ‡a0593904850 ‡qpaperback | |
| 020 | . | ‡z9780593904862 ‡qelectronic book | |
| 035 | . | ‡a(OCoLC)1520469146 | |
| 042 | . | ‡apcc | |
| 082 | 0 | 4. | ‡a813/.6 ‡a[Fic] ‡223/eng/20260305 |
| 100 | 1 | . | ‡aCozzi, Jessica L., ‡eauthor. ‡4aut ‡4http://id.loc.gov/vocabulary/relators/aut ‡1http://id.loc.gov/rwo/agents/n2025519121 |
| 245 | 1 | 0. | ‡aWe've hit turbulence / ‡cJessica L. Cozzi. |
| 246 | 3 | . | ‡aWe have hit turbulence |
| 264 | 1. | ‡aNew York, NY : ‡bDelacorte Romance, an imprint of Random House Children's Books, ‡c[2026] | |
| 300 | . | ‡a293 pages : ‡billustrations ; ‡c21 cm | |
| 334 | . | ‡asingle unit ‡bmono ‡0http://id.loc.gov/vocabulary/issuance/mono | |
| 336 | . | ‡atext ‡btxt ‡2rdacontent ‡0http://id.loc.gov/vocabulary/contentTypes/txt | |
| 337 | . | ‡aunmediated ‡bn ‡2rdamedia ‡0http://id.loc.gov/vocabulary/mediaTypes/n | |
| 338 | . | ‡avolume ‡bnc ‡2rdacarrier ‡0http://id.loc.gov/vocabulary/carriers/nc | |
| 385 | . | ‡mAge group ‡nage ‡aTeenagers ‡2lcdgt ‡0http://id.loc.gov/authorities/demographicTerms/dg2015060011 | |
| 520 | . | ‡a"When a girl is stuck on a cross-country flight with her ex, things get bumpy"-- Provided by publisher. | |
| 521 | . | ‡aAges 12 and up ‡bDelacorte Romance. | |
| 650 | 0. | ‡aDating (Social customs) ‡vJuvenile fiction. ‡0(LARL_NWRL_CONSORTIUM)171809 | |
| 650 | 0. | ‡aAirplanes ‡vJuvenile fiction. | |
| 650 | 0. | ‡aMan-woman relationships ‡vJuvenile fiction. | |
| 650 | 1. | ‡aDating ‡vFiction. | |
| 650 | 1. | ‡aAirplanes ‡vFiction. | |
| 650 | 1. | ‡aRomance stories. | |
| 650 | 7. | ‡aYOUNG ADULT FICTION / Romance / Contemporary. ‡2bisacsh | |
| 650 | 7. | ‡aYOUNG ADULT FICTION / Coming of Age. ‡2bisacsh | |
| 650 | 7. | ‡aYOUNG ADULT FICTION / Social Themes / New Experience. ‡2bisacsh | |
| 650 | 7. | ‡aDating (Social customs) ‡vJuvenile fiction. ‡2sears ‡0(LARL_NWRL_CONSORTIUM)171809 | |
| 650 | 7. | ‡aAirplanes ‡vJuvenile fiction. ‡2sears | |
| 650 | 7. | ‡aMan-woman relationship ‡vJuvenile fiction. ‡2sears | |
| 650 | 7. | ‡aDating (Social customs) ‡vFiction. ‡2sears ‡0(LARL_NWRL_CONSORTIUM)164536 | |
| 650 | 7. | ‡aAirplanes ‡vFiction. ‡2sears | |
| 650 | 7. | ‡aMan-woman relationship ‡vFiction. ‡2sears | |
| 655 | 0. | ‡aYoung adult fiction. | |
| 655 | 7. | ‡aRomance fiction. ‡2lcgft | |
| 655 | 7. | ‡aNovels. ‡2lcgft | |
| 758 | . | ‡1http://id.loc.gov/resources/instances/in00024355994 | |
| 758 | . | ‡4http://id.loc.gov/ontologies/bibframe/instanceOf ‡1http://id.loc.gov/resources/works/in00024355994 | |
| 776 | 0 | 8. | ‡iOnline version ‡4http://id.loc.gov/entities/relationships/onlineversion ‡aCozzi, Jessica L. ‡tWe've hit turbulence ‡dNew York, NY : Delacorte Romance, 2026 ‡z9780593904862 ‡w(DLC) 2025024702 |
| 884 | . | ‡aDLC bibframe2marc v3.0.0 ‡g20251202 ‡qDLC ‡uhttps://github.com/lcnetdev/bibframe2marc/releases/tag/v3.0.0 | |
| 905 | . | ‡uvanderl | |
| 901 | . | ‡a483559 ‡bAUTOGEN ‡c483559 ‡tbiblio ‡soclc | |

Add to basket
Permalink
Disable Highlighting